<?xml version="1.0" encoding="UTF-8"?>
<record
    xmlns:xsi="http://www.w3.org/2001/XMLSchema-instance"
    xsi:schemaLocation="http://www.loc.gov/MARC21/slim http://www.loc.gov/standards/marcxml/schema/MARC21slim.xsd"
    xmlns="http://www.loc.gov/MARC21/slim">

  <leader>00482    a2200169   4500</leader>
  <datafield tag="999" ind1=" " ind2=" ">
    <subfield code="c">131</subfield>
    <subfield code="d">131</subfield>
  </datafield>
  <controlfield tag="008">220928b           ||||| |||| 00| 0 eng d</controlfield>
  <datafield tag="020" ind1=" " ind2=" ">
    <subfield code="a">9788122436006</subfield>
  </datafield>
  <datafield tag="041" ind1="0" ind2=" ">
    <subfield code="a">eng</subfield>
  </datafield>
  <datafield tag="082" ind1="0" ind2="0">
    <subfield code="a">621.3</subfield>
    <subfield code="b">S61735</subfield>
  </datafield>
  <datafield tag="100" ind1=" " ind2=" ">
    <subfield code="a">Singh, Vijay</subfield>
  </datafield>
  <datafield tag="245" ind1=" " ind2=" ">
    <subfield code="a">Fundamentals of electrical electronic measurements /</subfield>
  </datafield>
  <datafield tag="250" ind1=" " ind2=" ">
    <subfield code="a">1st ed.</subfield>
  </datafield>
  <datafield tag="260" ind1=" " ind2=" ">
    <subfield code="a">New Delhi: </subfield>
    <subfield code="b">New Age International Publishers</subfield>
    <subfield code="c">2014.</subfield>
  </datafield>
  <datafield tag="300" ind1=" " ind2=" ">
    <subfield code="a">xvi, 341 p.</subfield>
  </datafield>
  <datafield tag="650" ind1=" " ind2="0">
    <subfield code="a">Electrical Engineering</subfield>
  </datafield>
  <datafield tag="942" ind1=" " ind2=" ">
    <subfield code="2">ddc</subfield>
    <subfield code="c">BK</subfield>
  </datafield>
  <datafield tag="952" ind1=" " ind2=" ">
    <subfield code="0">0</subfield>
    <subfield code="1">0</subfield>
    <subfield code="2">ddc</subfield>
    <subfield code="4">0</subfield>
    <subfield code="6">621_300000000000000_S61735</subfield>
    <subfield code="7">0</subfield>
    <subfield code="9">606</subfield>
    <subfield code="a">CL</subfield>
    <subfield code="b">CL</subfield>
    <subfield code="d">2018-04-23</subfield>
    <subfield code="e">Apex Book Services</subfield>
    <subfield code="g">210.00</subfield>
    <subfield code="o">621.3 S61735</subfield>
    <subfield code="p">12923</subfield>
    <subfield code="r">2019-09-09</subfield>
    <subfield code="v">250.00</subfield>
    <subfield code="y">BK</subfield>
  </datafield>
  <datafield tag="952" ind1=" " ind2=" ">
    <subfield code="0">0</subfield>
    <subfield code="1">0</subfield>
    <subfield code="2">ddc</subfield>
    <subfield code="4">0</subfield>
    <subfield code="6">621_300000000000000_S61735</subfield>
    <subfield code="7">0</subfield>
    <subfield code="9">607</subfield>
    <subfield code="a">CL</subfield>
    <subfield code="b">CL</subfield>
    <subfield code="d">2018-04-23</subfield>
    <subfield code="e">Apex Book Services</subfield>
    <subfield code="g">210.00</subfield>
    <subfield code="o">621.3 S61735</subfield>
    <subfield code="p">12924</subfield>
    <subfield code="r">2019-09-09</subfield>
    <subfield code="v">250.00</subfield>
    <subfield code="y">BK</subfield>
  </datafield>
  <datafield tag="952" ind1=" " ind2=" ">
    <subfield code="0">0</subfield>
    <subfield code="1">0</subfield>
    <subfield code="2">ddc</subfield>
    <subfield code="4">0</subfield>
    <subfield code="6">621_300000000000000_S61735</subfield>
    <subfield code="7">0</subfield>
    <subfield code="9">608</subfield>
    <subfield code="a">CL</subfield>
    <subfield code="b">CL</subfield>
    <subfield code="d">2018-04-23</subfield>
    <subfield code="e">Apex Book Services</subfield>
    <subfield code="g">210.00</subfield>
    <subfield code="o">621.3 S61735</subfield>
    <subfield code="p">12925</subfield>
    <subfield code="r">2019-09-09</subfield>
    <subfield code="v">250.00</subfield>
    <subfield code="y">BK</subfield>
  </datafield>
  <datafield tag="952" ind1=" " ind2=" ">
    <subfield code="0">0</subfield>
    <subfield code="1">0</subfield>
    <subfield code="2">ddc</subfield>
    <subfield code="4">0</subfield>
    <subfield code="6">621_300000000000000_S61735</subfield>
    <subfield code="7">0</subfield>
    <subfield code="9">609</subfield>
    <subfield code="a">CL</subfield>
    <subfield code="b">CL</subfield>
    <subfield code="d">2018-04-23</subfield>
    <subfield code="e">Apex Book Services</subfield>
    <subfield code="g">210.00</subfield>
    <subfield code="o">621.3 S61735</subfield>
    <subfield code="p">12926</subfield>
    <subfield code="r">2019-09-09</subfield>
    <subfield code="v">250.00</subfield>
    <subfield code="y">BK</subfield>
  </datafield>
</record>
